[Event "CN Seniori 2012"]
[Site "Sarata Monteoru"]
[Date "2012.02.20"]
[Round "10.22"]
[White "Badelita, Beniamin"]
[Black "Ciobanu, Viorel Adrian"]
[Result "0-1"]
[WhiteElo "1945"]
[BlackElo "2219"]
[PlyCount "91"]
[EventDate "2012.02.13"]

1. c4 Nf6 2. g3 g6 3. Bg2 Bg7 4. Nf3 O-O 5. O-O d6 6. Nc3 Nc6 7. Rb1 e5 8. d3
Nh5 9. b4 a6 10. a4 h6 11. b5 axb5 12. axb5 Ne7 13. d4 Be6 14. Nd5 Nxd5 15.
cxd5 Bxd5 16. dxe5 dxe5 17. Qc2 Qe7 18. e4 Be6 19. Be3 Rfc8 20. Bc5 Qe8 21. Rb2
Bd7 22. Qb3 Nf6 23. Nd2 b6 24. Be3 Be6 25. Qd3 Nd7 26. Rc2 Bf8 27. f4 Nc5 28.
Qe2 Ra3 29. Nc4 Bxc4 30. Rxc4 Qxb5 31. Rfc1 Ne6 32. Bh3 Re8 33. f5 Rxe3 34.
Qxe3 Bc5 35. Rxc5 Nxc5 36. Qxh6 Qc6 37. Bg2 Qf6 38. h4 Qg7 39. Qg5 gxf5 40.
exf5 e4 41. Qf4 Nd3 42. Qxc7 Nxc1 43. Qxc1 Qxg3 44. Qc6 Rd8 45. Qc2 e3 46. Kf1
0-1

[Event "CN Seniori 2012"]
[Site "Sarata Monteoru/Romania"]
[Date "2012.02.19"]
[Round "9.12"]
[White "Ciobanu, Viorel Adrian"]
[Black "Dumitrache, Dragos Nicolae"]
[Result "0-1"]
[WhiteElo "2219"]
[BlackElo "2460"]
[Annotator "Robot 3"]
[PlyCount "136"]
[EventDate "2012.??.??"]
[TimeControl "40/5400+30:900+30"]

1. e4 d6 2. d4 Nf6 3. Nc3 e5 4. Nf3 Nbd7 5. Bc4 Be7 6. O-O O-O 7. a4 a6 8. Re1
b6 9. Nh4 exd4 10. Qxd4 Nc5 11. Nf5 Bxf5 12. exf5 c6 13. Bf1 d5 14. Qd1 a5 15.
Be3 Re8 16. Qf3 Nfd7 17. Bf4 Bf6 18. Rad1 Be5 19. Bxe5 Nxe5 20. Qf4 Qf6 21. g4
h6 22. Qg3 Rad8 23. Kh1 Kf8 24. h3 Kg8 25. Bg2 Nc4 26. b3 Nd6 27. Kh2 Kf8 28.
Kh1 Re7 29. Kh2 Rde8 30. Rxe7 Qxe7 31. Rd2 Qe5 32. Qxe5 Rxe5 33. Nd1 Re1 34. f3
Ke7 35. Kg3 Kd7 36. Kf2 Re8 37. Nc3 Na6 38. Bf1 Nc7 39. Ne2 b5 40. Nc3 b4 41.
Ne2 c5 42. Nf4 Kc6 43. Nh5 g6 44. Nf6 Rf8 45. Bb5+ Ndxb5 46. axb5+ Nxb5 47.
Nxd5 Nd4 48. Ne3 gxf5 49. Nc4 fxg4 50. hxg4 f5 51. Kg3 fxg4 52. fxg4 a4 53.
bxa4 Rf3+ 54. Kg2 Rc3 55. Ne5+ Kd5 56. Nd3 Rxc2 57. Rxc2 Nxc2 58. a5 Nd4 59. a6
Nb5 60. Kf2 b3 61. Nb2 c4 62. Ke3 c3 63. Na4 Kc6 64. a7 Nxa7 65. Nxc3 Kc5 66.
Kd3 Kb4 67. Ne4 Nc6 68. g5 Ne5+ 0-1

[Event "ROM-ch"]
[Site "Sarata Monteoru"]
[Date "2012.02.18"]
[Round "8"]
[White "Anuta, Laurentiu "]
[Black "Ciobanu, Viorel Adrian"]
[Result "0-1"]
[WhiteElo "2017"]
[BlackElo "2219"]
[PlyCount "120"]
[EventDate "2012.02.13"]
[EventType "swiss"]
[EventRounds "11"]
[EventCountry "ROM"]
[Source "ChessBase"]
[SourceDate "2012.04.24"]

1. Nf3 d5 2. b3 Nf6 3. Bb2 e6 4. e3 Bd6 5. Be2 Nbd7 6. d4 O-O 7. O-O Ne4 8. c4
c6 9. Nbd2 f5 10. Ne5 Ndf6 11. f3 Nxd2 12. Qxd2 Bd7 13. a4 Qe7 14. Qc1 Rac8 15.
c5 Bb8 16. Bc3 Be8 17. Be1 g5 18. b4 Qg7 19. h4 h6 20. f4 Bh5 21. Bd3 gxf4 22.
exf4 Kh7 23. g3 Ne4 24. Bxe4 fxe4 25. Qe3 Bxe5 26. dxe5 Bf3 27. Ra2 d4 28. Qd2
Rcd8 29. Rxf3 exf3 30. Ra3 Qg6 31. Qd3 h5 32. a5 Qxd3 33. Rxd3 Kg6 34. Kf2 Rd5
35. Bd2 Kf5 36. Kxf3 Rg8 37. Be1 Rb8 38. Ra3 d3 39. Bd2 a6 40. Ra1 Rd4 41. Rg1
Rg8 42. Re1 Rc4 43. Re3 Rd8 44. Re1 Rc2 45. Rd1 Rd7 46. Ke3 Kg4 47. Rf1 Rc4 48.
Rg1 Rd8 49. Rf1 Kf5 50. Rg1 Re4+ 51. Kf3 Rg8 52. Rd1 Re2 53. Be1 Rd8 54. Bc3
Rd7 55. Bd2 Rh2 56. Ke3 Kg4 57. Re1 Rd8 58. Bc3 Rg2 59. Bd2 Rd7 60. Bc3 d2 0-1

[Event "CN Seniori 2012"]
[Site "Sarata Monteoru/Romania"]
[Date "2012.02.18"]
[Round "7.24"]
[White "Ciobanu, Viorel Adrian"]
[Black "Dobre, Mihai"]
[Result "1/2-1/2"]
[WhiteElo "2219"]
[BlackElo "1975"]
[PlyCount "82"]
[EventDate "2012.??.??"]

1. e4 c5 2. Nf3 d6 3. d4 cxd4 4. Nxd4 Nf6 5. Nc3 a6 6. Be2 e6 7. O-O Qc7 8. f4
b5 9. e5 Nfd7 10. Bf3 d5 11. Kh1 Bc5 12. Be3 O-O 13. Nce2 Nc6 14. Qe1 Nxd4 15.
Nxd4 Nb6 16. b3 Bd7 17. Qg3 g6 18. h4 Nc8 19. Qf2 Bb4 20. Rad1 Ne7 21. g4 Rac8
22. Rg1 Bc5 23. Rg2 Nc6 24. c3 Nxd4 25. cxd4 Be7 26. h5 Kg7 27. g5 b4 28. Qh4
Qc3 29. Re1 Qd3 30. Rd2 Qf5 31. Rh2 Rc2 32. Bf2 Rh8 33. h6+ Kf8 34. Be3 Bd8 35.
Qg4 Rxh2+ 36. Kxh2 Qxg4 37. Bxg4 Ke7 38. Be2 Bb6 39. Rc1 Rc8 40. Rxc8 Bxc8 41.
Kg3 a5 1/2-1/2

[Event "CN Seniori 2012"]
[Site "Sarata Monteoru/Romania"]
[Date "2012.02.17"]
[Round "6.24"]
[White "Adoamnei, Roxana-Antonela"]
[Black "Ciobanu, Viorel Adrian"]
[Result "1/2-1/2"]
[WhiteElo "2005"]
[BlackElo "2219"]
[PlyCount "88"]
[EventDate "2012.??.??"]

1. d4 d5 2. Nf3 Nf6 3. e3 e6 4. Bd3 c5 5. b3 Nc6 6. O-O Bd6 7. Bb2 O-O 8. Ne5
Qc7 9. Nxc6 bxc6 10. dxc5 Bxh2+ 11. Kh1 Be5 12. c3 Qe7 13. f4 Bc7 14. c4 e5 15.
Be2 Ne4 16. cxd5 cxd5 17. Nc3 Ng3+ 18. Kg1 exf4 19. Nxd5 Qh4 20. Rxf4 Bxf4 21.
Nxf4 Bb7 22. Qd4 Nxe2+ 23. Nxe2 Qg5 24. Nf4 Rfd8 25. Qc3 Rac8 26. b4 Be4 27.
Rf1 Kh8 28. Qc1 f6 29. Rf2 Qg4 30. Bd4 Bc6 31. Qc4 Rb8 32. a3 Re8 33. Qf7 Rb7
34. Qh5 Qxh5 35. Nxh5 a5 36. Nxf6 Rf8 37. Nh5 Rxf2 38. Kxf2 axb4 39. axb4 Rxb4
40. Bxg7+ Kg8 41. Bd4 Kf7 42. Nf4 Ra4 43. Kg3 Ra2 44. Kh3 Ke7 1/2-1/2

[Event "CN Seniori 2012"]
[Site "Sarata Monteoru/Romania"]
[Date "2012.02.16"]
[Round "5.27"]
[White "Ciobanu, Viorel Adrian"]
[Black "Morea, Georgiana-Steluta"]
[Result "1-0"]
[WhiteElo "2219"]
[BlackElo "1882"]
[PlyCount "35"]
[EventDate "2012.??.??"]

1. e4 c5 2. Nf3 e6 3. d3 Nc6 4. g3 d6 5. Bg2 g6 6. O-O Bg7 7. c3 e5 8. a3 a5 9.
a4 f5 10. Qb3 Qe7 11. Na3 Nf6 12. Nc4 fxe4 13. dxe4 h6 14. Nh4 Be6 15. Nxg6 Qc7
16. Nxh8 Bxh8 17. Be3 Rd8 18. Qb5 1-0

[Event "CN Seniori 2012"]
[Site "Sarata Monteoru"]
[Date "2012.02.15"]
[Round "3.29"]
[White "Ciobanu, Viorel Adrian"]
[Black "Tiron, Lucian Ilie"]
[Result "1-0"]
[WhiteElo "2219"]
[BlackElo "1846"]
[PlyCount "77"]
[EventDate "2012.02.13"]

1. e4 e6 2. d4 d5 3. Nc3 Nf6 4. e5 Nfd7 5. f4 c5 6. Nf3 Nc6 7. dxc5 Bxc5 8. Bd3
Nb6 9. a3 a5 10. Qe2 Bd7 11. Nb5 Rc8 12. Be3 Be7 13. Qf2 Na8 14. O-O a4 15. f5
exf5 16. g4 f4 17. Bxf4 O-O 18. h3 Na5 19. Nbd4 Nc4 20. c3 Qb6 21. Rab1 Nc7 22.
Kh1 Ne6 23. Bh2 Nc5 24. Bc2 Ne4 25. Qe2 Ng5 26. Nf5 Bxf5 27. gxf5 Nxf3 28. Rxf3
Bg5 29. Rg1 f6 30. e6 Nd2 31. Rfg3 Qc6 32. Rxg5 fxg5 33. Qxd2 d4+ 34. Rg2 dxc3
35. Qxg5 g6 36. fxg6 Rf1+ 37. Bg1 h5 38. g7 Qf3 39. Bh7+ 1-0

[Event "CN Seniori 2012"]
[Site "Sarata Monteoru/Romania"]
[Date "2012.02.15"]
[Round "4.10"]
[White "Manolache, Marius"]
[Black "Ciobanu, Viorel Adrian"]
[Result "1-0"]
[WhiteElo "2552"]
[BlackElo "2219"]
[PlyCount "63"]
[EventDate "2012.??.??"]
[TimeControl "40/5400+30:900+30"]

1. d4 d5 2. c4 Nc6 3. Nf3 Bg4 4. Nc3 Bxf3 5. gxf3 e6 6. e3 Bb4 7. Bd2 Bxc3 8.
bxc3 Nge7 9. cxd5 exd5 10. Bd3 O-O 11. Qb1 f5 12. Qxb7 Rb8 13. Qa6 Qd6 14. Qa4
Rf6 15. Rb1 Re8 16. Rb5 Kh8 17. f4 Nc8 18. Kf1 Nb6 19. Qb3 Ne7 20. Bc1 c6 21.
Ra5 Qd7 22. Ba3 Nec8 23. Bc5 Qf7 24. Qd1 Nc4 25. Bxc4 dxc4 26. Rg1 Nb6 27. Qf3
h6 28. d5 cxd5 29. Bd4 Rg6 30. Rxg6 Qxg6 31. Rxa7 Rg8 32. Qg3 1-0

[Event "CN Seniori 2012"]
[Site "Sarata Monteoru/Romania"]
[Date "2012.02.14"]
[Round "2.7"]
[White "Miron, Lucian Costin"]
[Black "Ciobanu, Viorel Adrian"]
[Result "1-0"]
[WhiteElo "2525"]
[BlackElo "2219"]
[PlyCount "98"]
[EventDate "2012.??.??"]
[TimeControl "40/5400+30:900+30"]

1. d4 d5 2. c4 e6 3. Nc3 c5 4. cxd5 exd5 5. Nf3 Nc6 6. g3 Nf6 7. Bg2 Be7 8. O-O
O-O 9. dxc5 Bxc5 10. Na4 Be7 11. Be3 Bg4 12. Rc1 Re8 13. Nc5 Bxc5 14. Bxc5 Qd7
15. Re1 h6 16. b3 Bh3 17. Bh1 Ne4 18. Be3 Rad8 19. Nd4 Ne5 20. f3 Nf6 21. Bf2
h5 22. Qd2 h4 23. gxh4 Nh5 24. Qg5 g6 25. Bg3 f6 26. Qd2 Re7 27. Rc3 Rg7 28. f4
Ng4 29. Rc5 Qe7 30. Rxd5 Rxd5 31. Bxd5+ Kh7 32. Bf3 Qc5 33. e3 Qb6 34. a4 Re7
35. a5 Qc5 36. b4 Qd6 37. Nb3 Qc7 38. Rc1 Qb8 39. e4 Qe8 40. Rd1 b6 41. axb6
axb6 42. Nd4 Rd7 43. Qe2 Qd8 44. Ne6 Qc8 45. Bxg4 Bxg4 46. Qxg4 Qc1 47. Kg2
Qc2+ 48. Kh3 Qd3 49. Nf8+ Kg7 1-0

[Event "CN Seniori 2012"]
[Site "Sarata Monteoru/Romania"]
[Date "2012.02.13"]
[Round "1.38"]
[White "Ciobanu, Viorel Adrian"]
[Black "Rusu, Vasile"]
[Result "1-0"]
[WhiteElo "2219"]
[BlackElo "1760"]
[PlyCount "113"]
[EventDate "2012.??.??"]

1. e4 e5 2. f4 d6 3. Nf3 Nd7 4. Bc4 Be7 5. O-O Ngf6 6. Nc3 O-O 7. d3 exf4 8.
Bxf4 Nb6 9. Bb3 Be6 10. Ne2 Bxb3 11. axb3 Nh5 12. Be3 Nf6 13. h3 c5 14. c4 a6
15. Ng3 g6 16. Bh6 Re8 17. Qd2 Nbd7 18. Rf2 Bf8 19. Raf1 Bg7 20. Nf5 gxf5 21.
Qg5 Nh5 22. Qxh5 Bxh6 23. Qxh6 Qf6 24. Qxf6 Nxf6 25. Nh4 Re6 26. Rxf5 Kg7 27.
Nf3 h6 28. b4 b6 29. bxc5 bxc5 30. Nd2 Rb8 31. b3 Rb7 32. Kf2 Nd7 33. Ke3 Rf6
34. Rxf6 Nxf6 35. Ra1 Rb6 36. Rf1 Nd7 37. d4 f6 38. Kd3 Nb8 39. dxc5 dxc5 40.
Rf5 Nd7 41. Rd5 Ne5+ 42. Kc3 Rc6 43. Nf3 Nxf3 44. gxf3 Kf7 45. h4 Kg6 46. h5+
Kf7 47. Rd7+ Kg8 48. b4 cxb4+ 49. Kxb4 Rb6+ 50. Kc3 Re6 51. c5 f5 52. Kd4 fxe4
53. fxe4 Rf6 54. Kd5 Rf1 55. c6 Kf8 56. c7 Rd1+ 57. Ke6 1-0

[Event "CN ROU -echipe masculine -Divizia A"]
[Site "Slanic-Moldova"]
[Date "2011.10.09"]
[Round "9.2"]
[White "Dinu, Dumitru Daniel"]
[Black "Ciobanu, Viorel Adrian"]
[Result "1-0"]
[WhiteElo "2256"]
[BlackElo "2222"]
[PlyCount "87"]
[EventDate "2011.10.03"]

1. d4 Nf6 2. Nf3 g6 3. Nbd2 Bg7 4. e4 d6 5. c3 O-O 6. Bc4 c6 7. O-O b5 8. Bd3
a6 9. Re1 Nbd7 10. Nf1 e5 11. Bg5 h6 12. Bh4 Bb7 13. Bc2 Qc7 14. Ne3 Rfe8 15.
dxe5 dxe5 16. Qe2 Nh5 17. Rad1 Ndf6 18. Bb3 Nxe4 19. Qc2 Nc5 20. Qxg6 Nf4 21.
Qg3 Nxb3 22. Nf5 Ng6 23. axb3 Bc8 24. Nd6 Re6 25. Nf5 Re8 26. Nd6 Be6 27. Nxe8
Rxe8 28. Nd4 Qc8 29. Nxe6 Qxe6 30. b4 Kh7 31. Rd8 Rxd8 32. Bxd8 f5 33. Bb6 Bf6
34. Bc5 h5 35. Qd3 Nf4 36. Qd6 Qd5 37. Qxd5 cxd5 38. Ra1 d4 39. cxd4 exd4 40.
Rxa6 Be5 41. Ra7+ Kg6 42. Re7 Kf6 43. g3 Ne6 44. f4 1-0

[Event "CN ROU -echipe masculine -Divizia A"]
[Site "Slanic-Moldova"]
[Date "2011.10.08"]
[Round "8.4"]
[White "Ciobanu, Viorel Adrian"]
[Black "Hegedus, Iuliu"]
[Result "1-0"]
[WhiteElo "2222"]
[BlackElo "2342"]
[PlyCount "59"]
[EventDate "2011.10.03"]

1. e4 c5 2. Nf3 e6 3. d4 cxd4 4. Nxd4 a6 5. Nc3 Qc7 6. Be2 Nf6 7. a3 d6 8. O-O
Be7 9. Be3 Nbd7 10. f4 b5 11. Bd3 Bb7 12. Qf3 Nc5 13. Rad1 g6 14. Kh1 d5 15. e5
Nfe4 16. Nce2 Rc8 17. Qh3 h5 18. b4 Nd7 19. Nxe6 fxe6 20. Nd4 Nf8 21. Bxe4 dxe4
22. Nxe6 Qc6 23. Nd4 Qd5 24. Nf5 Qf7 25. Nxe7 Qxe7 26. f5 Rc3 27. f6 Qf7 28.
Bb6 Nd7 29. Qxc3 Nxb6 30. e6 1-0

[Event "CN ROU -echipe masculine -Divizia A"]
[Site "Slanic-Moldova"]
[Date "2011.10.07"]
[Round "7.3"]
[White "Pop, Alexandru"]
[Black "Ciobanu, Viorel Adrian"]
[Result "1-0"]
[WhiteElo "2183"]
[BlackElo "2222"]
[PlyCount "75"]
[EventDate "2011.10.03"]

1. c4 e5 2. g3 Nc6 3. Nc3 g6 4. Bg2 Bg7 5. e4 d6 6. Nge2 Be6 7. d3 Nge7 8. O-O
O-O 9. Nd5 Bxd5 10. cxd5 Nd4 11. Nxd4 exd4 12. Bd2 c5 13. b4 cxb4 14. Bxb4 a5
15. Bd2 b5 16. Qb3 Qd7 17. Rab1 Rfb8 18. a3 Ra7 19. f4 Kh8 20. Rfe1 h5 21. e5
Nf5 22. Bh3 b4 23. axb4 a4 24. Qa2 Rc8 25. b5 dxe5 26. fxe5 Rc5 27. e6 fxe6 28.
dxe6 Qe8 29. b6 Rb7 30. Bg2 Rb8 31. Bf4 Ne3 32. Bxb8 Qxb8 33. Qxa4 Rc2 34. Qxc2
Nxc2 35. e7 Nxe1 36. Rxe1 Be5 37. Bc6 Bxg3 38. e8=Q+ 1-0

[Event "CN ROU -echipe masculine -Divizia A"]
[Site "Slanic-Moldova"]
[Date "2011.10.06"]
[Round "5.4"]
[White "Biro, Sandor"]
[Black "Ciobanu, Viorel Adrian"]
[Result "1/2-1/2"]
[WhiteElo "2294"]
[BlackElo "2222"]
[PlyCount "86"]
[EventDate "2011.10.03"]

1. e4 e5 2. Nf3 Nc6 3. Nc3 Nf6 4. a3 d6 5. d4 exd4 6. Nxd4 Be7 7. Be2 O-O 8.
O-O Re8 9. Qd3 Nxd4 10. Qxd4 Bd7 11. Bf4 Bc6 12. Rad1 Nd7 13. Nd5 Bf6 14. Nxf6+
Qxf6 15. Qxf6 Nxf6 16. f3 d5 17. Bxc7 dxe4 18. fxe4 Bxe4 19. Bd3 Bxd3 20. cxd3
Nd5 21. Bf4 Rac8 22. Rd2 f6 23. h4 Kf7 24. Kh2 Re6 25. Kg3 h5 26. Rff2 g6 27.
Rc2 Rec6 28. Rce2 Ne7 29. Re4 Rd8 30. Rd2 Rc5 31. Be3 Rcd5 32. Bxa7 Rxd3+ 33.
Rxd3 Rxd3+ 34. Kh2 Rb3 35. Bd4 Nf5 36. Bc3 Nd6 37. Re2 f5 38. Rd2 Ne4 39. Rd7+
Ke6 40. Rg7 Nxc3 41. bxc3 Kf6 42. Rc7 Rxa3 43. Rxb7 Rxc3 1/2-1/2

[Event "CN ROU -echipe masculine -Divizia A"]
[Site "Slanic-Moldova"]
[Date "2011.10.06"]
[Round "6.3"]
[White "Ciobanu, Viorel Adrian"]
[Black "Ardeleanu, Alin"]
[Result "1/2-1/2"]
[WhiteElo "2222"]
[BlackElo "2371"]
[PlyCount "75"]
[EventDate "2011.10.03"]

1. e4 c5 2. Nf3 d6 3. d4 cxd4 4. Nxd4 Nf6 5. Nc3 a6 6. Be2 e5 7. Nb3 Be7 8. a4
O-O 9. O-O Be6 10. f4 exf4 11. Bxf4 Nc6 12. Kh1 Rc8 13. Rb1 d5 14. e5 Ne4 15.
Bd3 Nxc3 16. bxc3 g6 17. Nd4 Bg5 18. Qd2 Bxf4 19. Qxf4 Qe7 20. h4 Rc7 21. h5
Nxd4 22. cxd4 Kg7 23. Qg3 g5 24. Rf6 h6 25. Rbf1 Rc3 26. Qe3 Rfc8 27. R1f3 b5
28. axb5 axb5 29. Qf2 b4 30. Bf5 Rxf3 31. Qxf3 Rc3 32. Qf2 Bxf5 33. Qxf5 Re3
34. Rd6 Re4 35. Rd7 Rf4 36. Qxf4 Qxd7 37. Qf6+ Kg8 38. Kg1 1/2-1/2

[Event "CN ROU -echipe masculine -Divizia A"]
[Site "Slanic-Moldova"]
[Date "2011.10.05"]
[Round "4.2"]
[White "Ciobanu, Viorel Adrian"]
[Black "Bogdan , Dan"]
[Result "0-1"]
[WhiteElo "2222"]
[BlackElo "2367"]
[PlyCount "66"]
[EventDate "2011.10.03"]

1. e4 c5 2. Nf3 Nc6 3. d4 cxd4 4. Nxd4 g6 5. Nc3 Bg7 6. Nb3 Nf6 7. Be2 O-O 8.
O-O d6 9. Be3 Be6 10. f4 Na5 11. f5 Bc4 12. Bd3 Bxd3 13. cxd3 Nxb3 14. axb3 a6
15. Qf3 b5 16. Qh3 b4 17. Nd5 Nxd5 18. exd5 Bxb2 19. Rae1 Bf6 20. Bh6 Qb6+ 21.
Kh1 Rfe8 22. fxg6 hxg6 23. Rf4 Qc5 24. Qf3 Qc3 25. Rf1 a5 26. Re4 a4 27. bxa4
b3 28. h4 b2 29. h5 Reb8 30. hxg6 fxg6 31. Ree1 Rb4 32. g3 Rbxa4 33. Qe2 Qe5
0-1

[Event "CN ROU -echipe masculine -Divizia A"]
[Site "Slanic-Moldova"]
[Date "2011.10.04"]
[Round "2.1"]
[White "Ciobanu, Viorel Adrian"]
[Black "Sebe-Vodislav, Razvan-Alexandru"]
[Result "1/2-1/2"]
[WhiteElo "2222"]
[BlackElo "2323"]
[PlyCount "149"]
[EventDate "2011.10.03"]

1. e4 c5 2. Nf3 d6 3. d4 cxd4 4. Nxd4 Nf6 5. Nc3 g6 6. Be2 Bg7 7. O-O O-O 8.
Be3 Nc6 9. Nb3 a6 10. f4 b5 11. Bf3 Bb7 12. Qd2 Qc7 13. Nd5 Nxd5 14. exd5 Nb8
15. c3 Nd7 16. Rad1 Nf6 17. g4 Rac8 18. g5 Nd7 19. Bd4 Bxd4+ 20. Nxd4 Nb6 21.
f5 Bxd5 22. Bxd5 Nxd5 23. Rde1 Qc5 24. Qf2 e5 25. Nb3 Qxf2+ 26. Kxf2 Nf4 27.
Rd1 Rcd8 28. Na5 gxf5 29. Nc6 Rde8 30. Rxd6 e4 31. Kg3 Ne2+ 32. Kf2 Nf4 33. Ke3
Nd3 34. Rxf5 Nxb2 35. Na5 Re7 36. Rf2 Na4 37. Kd4 e3 38. Re2 Rfe8 39. Rd5 Re6
40. Kd3 Rc8 41. c4 Nb6 42. Rd4 bxc4+ 43. Nxc4 Nxc4 44. Rxc4 Rxc4 45. Kxc4 Kg7
46. Kd4 Kg6 47. h4 Kh5 48. Rxe3 Kxh4 49. Rf3 Kxg5 50. Rxf7 h5 51. Rg7+ Rg6 52.
Rf7 h4 53. Ke3 Kg4 54. Kf2 Rh6 55. Kg2 h3+ 56. Kh2 Rh5 57. Rg7+ Kf4 58. Ra7 Ra5
59. Kxh3 Rxa2 60. Ra8 a5 61. Ra7 a4 62. Rg7 a3 63. Rg4+ Ke3 64. Rg3+ Kd4 65.
Rg4+ Kd3 66. Rg3+ Ke4 67. Rg4+ Kf5 68. Rg3 Ra1 69. Kh2 Kf4 70. Rc3 Ke4 71. Rg3
a2 72. Ra3 Kd4 73. Ra8 Kc5 74. Kg2 Kb6 75. Kh2 1/2-1/2

[Event "CN ROU -echipe masculine -Divizia A"]
[Site "Slanic-Moldova"]
[Date "2011.10.04"]
[Round "3.5"]
[White "Dumitru, Victor Iulian"]
[Black "Ciobanu, Viorel Adrian"]
[Result "0-1"]
[WhiteElo "2081"]
[BlackElo "2222"]
[PlyCount "66"]
[EventDate "2011.10.03"]

1. e4 e5 2. Nf3 Nc6 3. Bb5 a6 4. Ba4 Nf6 5. O-O Be7 6. Re1 b5 7. Bb3 d6 8. h3
O-O 9. c3 Na5 10. Bc2 c5 11. d4 Qc7 12. Nbd2 cxd4 13. cxd4 Nc6 14. b3 Nb4 15.
Bb1 Qc3 16. a3 Qxa1 17. axb4 Bb7 18. Qc2 Rac8 19. Qb2 Qxb2 20. Bxb2 d5 21. dxe5
Nxe4 22. Nxe4 dxe4 23. Bxe4 Bxe4 24. Rxe4 Rc2 25. Bd4 Bxb4 26. e6 Bc5 27. exf7+
Rxf7 28. Ng5 Bxd4 29. Nxf7 Bxf2+ 30. Kf1 Kxf7 31. Rf4+ Ke6 32. Rxf2 Rxf2+ 33.
Kxf2 a5 0-1

[Event "CN ROU -echipe masculine -Divizia A"]
[Site "Slanic-Moldova"]
[Date "2011.10.03"]
[Round "1.5"]
[White "Ciobanu, Viorel Adrian"]
[Black "Racasan, Sebastian"]
[Result "1-0"]
[WhiteElo "2222"]
[BlackElo "2236"]
[PlyCount "42"]
[EventDate "2011.10.03"]

1. e4 c5 2. Nf3 d6 3. d4 cxd4 4. Nxd4 Nf6 5. Nc3 a6 6. Be2 e5 7. Nb3 Be6 8. Be3
b5 9. a4 b4 10. Nd5 Nc6 11. Bb6 Qc8 12. Nc7+ Ke7 13. Nxa8 Qxa8 14. Qd3 Bc8 15.
O-O-O Ne8 16. Na5 g6 17. Qd5 Bd7 18. Bc4 Bh6+ 19. Kb1 Rf8 20. Bc7 Nxa5 21.
Bxd6+ Kf6 1-0

[Event "CN Seniori 2011"]
[Site "Sarata Monteoru"]
[Date "2011.02.20"]
[Round "11.24"]
[White "Dumitrascu, Cornel"]
[Black "Ciobanu, Viorel Adrian"]
[Result "1/2-1/2"]
[WhiteElo "2090"]
[BlackElo "2240"]
[PlyCount "69"]
[EventDate "2011.02.12"]

1. d4 d5 2. Nf3 e6 3. c4 c5 4. cxd5 exd5 5. Nc3 Nc6 6. e3 Nf6 7. Be2 Bd6 8. O-O
O-O 9. dxc5 Bxc5 10. b3 Be6 11. Nb5 Qe7 12. Bb2 Ne4 13. Nbd4 Bd7 14. Rc1 Nxd4
15. Nxd4 a6 16. Qd3 Bd6 17. Nf3 Be6 18. Rfd1 Rad8 19. g3 Rfe8 20. Nd2 Nxd2 21.
Rxd2 Qg5 22. h4 Qh6 23. Bf3 Bb8 24. Rdc2 Bh3 25. Qd4 Be5 26. Qd2 Bxb2 27. Rxb2
Qf6 28. Bg2 Bxg2 29. Kxg2 d4 30. exd4 Rxd4 31. Qc3 h5 32. Qf3 Qxf3+ 33. Kxf3
Re6 34. Rc5 g6 35. Rbc2 1/2-1/2

[Event "CN Seniori 2011"]
[Site "Sarata Monteoru"]
[Date "2011.02.19"]
[Round "10.33"]
[White "Ciobanu, Viorel Adrian"]
[Black "Atomei, Cristian"]
[Result "1-0"]
[WhiteElo "2240"]
[BlackElo "1921"]
[PlyCount "77"]
[EventDate "2011.02.12"]

1. e4 c5 2. Nf3 Nc6 3. d4 cxd4 4. Nxd4 Nf6 5. Nc3 e5 6. Ndb5 d6 7. Bg5 a6 8.
Na3 b5 9. Bxf6 gxf6 10. Nd5 Bg7 11. c3 Ne7 12. Nxe7 Qxe7 13. Nc2 f5 14. exf5
Bxf5 15. Qf3 Bxc2 16. Qxa8+ Qd8 17. Qd5 O-O 18. Bd3 Bxd3 19. Qxd3 e4 20. Qe3 f5
21. O-O d5 22. g3 f4 23. gxf4 Qh4 24. Rad1 Rxf4 25. Rxd5 Bh6 26. Kh1 Rg4 27.
Qc5 Bf8 28. Qc8 Rg6 29. Rf5 Qe7 30. Rg1 Qd6 31. Qxf8+ Qxf8 32. Rxg6+ hxg6 33.
Rxf8+ Kxf8 34. Kg2 Ke7 35. Kg3 Ke6 36. Kf4 Kd5 37. b3 a5 38. h4 a4 39. Kg5 1-0

[Event "CN Seniori 2011"]
[Site "Sarata Monteoru"]
[Date "2011.02.18"]
[Round "9.42"]
[White "Dobrea, Eugen"]
[Black "Ciobanu, Viorel Adrian"]
[Result "0-1"]
[WhiteElo "1761"]
[BlackElo "2240"]
[PlyCount "74"]
[EventDate "2011.02.12"]

1. d4 d5 2. Nf3 e6 3. c4 c5 4. e3 Nc6 5. b3 Nf6 6. Be2 Bd6 7. O-O O-O 8. Re1 b6
9. Nbd2 Bb7 10. Bb2 Qe7 11. Bf1 Rfd8 12. Qc2 Ne4 13. a3 f5 14. cxd5 exd5 15. g3
Rac8 16. Nh4 Qf7 17. Nc4 Bb8 18. f3 Ng5 19. f4 Ne4 20. dxc5 dxc4 21. Bxc4 Rd5
22. g4 Na5 23. Bxd5 Bxd5 24. Nxf5 Rxc5 25. Qd3 Nxb3 26. Rab1 Nbd2 27. Rbd1 Nf3+
28. Kf1 Bc4 29. Re2 Bxd3 30. Rxd3 Rxf5 31. gxf5 Qxf5 32. Rd8+ Kf7 33. Rxb8 Qh3+
34. Rg2 Nfd2+ 35. Ke2 Qxg2+ 36. Kd3 Qf1+ 37. Kc2 Qb1# 0-1

[Event "CN Seniori 2011"]
[Site "Sarata Monteoru"]
[Date "2011.02.17"]
[Round "8.33"]
[White "Arghirescu , Marius "]
[Black "Ciobanu, Viorel Adrian"]
[Result "1-0"]
[WhiteElo "1921"]
[BlackElo "2240"]
[PlyCount "76"]
[EventDate "2011.02.12"]

1. e4 e5 2. Nf3 Nc6 3. Bb5 a6 4. Ba4 Nf6 5. O-O Be7 6. Re1 b5 7. Bb3 O-O 8. c3
d5 9. exd5 Nxd5 10. Nxe5 Nxe5 11. Rxe5 c6 12. d3 Bd6 13. Re1 Qh4 14. g3 Qh3 15.
Re4 Bd7 16. Qf3 Rae8 17. Bd2 Rxe4 18. dxe4 Nf6 19. Bc2 Bc5 20. Be1 Bg4 21. Qg2
Qh5 22. Nd2 Rd8 23. a4 Rxd2 24. Bxd2 Bh3 25. Bd1 Ng4 26. Qf3 Qg6 27. Be3 Nxe3
28. fxe3 h5 29. Kf2 b4 30. Qxh5 Qf6+ 31. Bf3 bxc3 32. Qxh3 Bxe3+ 33. Kxe3 Qg5+
34. Kf2 Qd2+ 35. Be2 cxb2 36. Qc8+ Kh7 37. Qf5+ Kg8 38. Rf1 Qd4+ 1-0

[Event "CN Seniori 2011"]
[Site "Sarata Monteoru"]
[Date "2011.02.17"]
[Round "7.22"]
[White "Ciobanu, Viorel Adrian"]
[Black "Gheorghiu, Calin"]
[Result "0-1"]
[WhiteElo "2240"]
[BlackElo "1949"]
[PlyCount "84"]
[EventDate "2011.02.12"]

1. e4 e6 2. d4 d5 3. Nc3 Nf6 4. e5 Nfd7 5. f4 c5 6. Nf3 Nc6 7. Be3 a6 8. Qd2 b5
9. O-O-O b4 10. Na4 Qa5 11. b3 c4 12. Kb1 Na7 13. Ka1 Nb5 14. Bxc4 dxc4 15. d5
Nc3 16. d6 Nxa4 17. bxa4 Qxa4 18. Rb1 a5 19. f5 Bb7 20. Qe2 Bd5 21. Rhd1 Qc6
22. Nd4 Qb7 23. fxe6 fxe6 24. Bg5 g6 25. Rf1 Bg7 26. Rf6 Bxf6 27. exf6 O-O-O
28. c3 Nc5 29. f7 Qxf7 30. cxb4 Qg7 31. Be3 axb4 32. Rxb4 Nd3 33. Rb6 Rd7 34.
Qd2 Rf8 35. Rb1 Rb7 36. Qa5 Rxb1+ 37. Kxb1 Qb7+ 38. Nb5 Bc6 39. a4 Bxb5 40.
axb5 Rf1+ 41. Kc2 Qxg2+ 42. Bd2 Rc1# 0-1

[Event "CN Seniori 2011"]
[Site "Sarata Monteoru"]
[Date "2011.02.16"]
[Round "6.8"]
[White "Manolache, Marius"]
[Black "Ciobanu, Viorel Adrian"]
[Result "1-0"]
[WhiteElo "2544"]
[BlackElo "2240"]
[PlyCount "59"]
[EventDate "2011.02.12"]

1. d4 d5 2. c4 e6 3. Nc3 Nf6 4. Nf3 Be7 5. Bg5 Nbd7 6. Qc2 c6 7. e3 O-O 8. a3
b6 9. Bd3 Bb7 10. O-O Rc8 11. Rfd1 dxc4 12. Bxc4 Nd5 13. Ne4 f6 14. Bf4 g5 15.
Bg3 f5 16. Nd6 f4 17. Nxb7 Qc7 18. exf4 gxf4 19. Bh4 Bxh4 20. Nxh4 Qxb7 21. Qe2
Rce8 22. Rd3 N7f6 23. Re1 c5 24. Nf3 Kh8 25. Qe5 b5 26. Rb3 a6 27. dxc5 Qc8 28.
Bd3 Qxc5 29. Ng5 Re7 30. Be4 1-0

[Event "ROM-ch op"]
[Site "Sarata Monteoru"]
[Date "2011.02.15"]
[Round "5"]
[White "Ciobanu, Viorel Adrian"]
[Black "Anuta, Laurentiu "]
[Result "1-0"]
[WhiteElo "2240"]
[BlackElo "2034"]
[PlyCount "59"]
[EventDate "2011.02.12"]
[EventType "swiss"]
[EventRounds "11"]
[EventCountry "ROM"]
[Source "ChessBase"]
[SourceDate "2011.03.01"]

1. e4 c6 2. d4 d5 3. exd5 cxd5 4. c4 Nf6 5. Nc3 dxc4 6. Bxc4 e6 7. Nf3 Be7 8.
O-O O-O 9. Qe2 Nc6 10. Rd1 Nb4 11. Ne5 Nbd5 12. Rd3 Nb4 13. Rg3 Kh8 14. Be3
Nbd5 15. Rh3 Nxe3 16. fxe3 g6 17. Rf1 Kg7 18. Rhf3 Bd7 19. Bb5 Bxb5 20. Qxb5
Rb8 21. Qe2 Qe8 22. Qf2 Nd5 23. Rxf7+ Rxf7 24. Qxf7+ Kh8 25. Nxd5 exd5 26. Qxd5
Bf8 27. Nf7+ Kg7 28. Qe5+ Qxe5 29. Nxe5 Kg8 30. Nd7 1-0